00679nam a2200205Ia 4500003000900000008004100009020001800050040001600068080001900084100002800103245010400131260004000235300001000275490002900285650002000314650002500334942000700359999001700366952009000383IN-BaIIA211028s9999 xx 000 0 eng d a81-7371-187-9 cIIA Library a[8]:01:00bNEW aNewton, David E.923359 0aLinus Paulingbscientist and advocatecDavid. E. Newton  aHyderabadbUniversities Pressc1999 a136p. aMakers of Modern Science abiography91224 ascientists-biography cBK c13318d13318 00104070aBANbHOScGENd0000-00-00l0o92:5/NEWp14236r2021-11-05w0000-00-00yBK